000
00257nam a22001217a 4500
008
181101b xxu||||| |||| 00| 0 eng d
041
_a
eng
080
_2
2nd
_a
616.073
100
_a
6
101
_a
GJEN
245
_a
Genetics
_c
Winchester
942
_2
udc
_c
BK
999
_c
51537
_d
51537